| 000 | 00517nam#a22002175a#4500 | ||
|---|---|---|---|
| 001 | 895 | ||
| 245 | 1 | 0 |
_aCaminante / _cAntonio Machado. |
| 250 | _a1ª ed. | ||
| 260 |
_aMadrid : _bUnidad Editorial, _c1998. |
||
| 300 |
_a63 p. ; _c20 cm. |
||
| 490 | 0 | _aLas poesía del verano | |
| 100 | 1 | _aMachado, Antonio. | |
| 080 | _a82-192 | ||
| 084 | _aN13 | ||
| 653 | _aPoesía | ||
| 040 |
_aAR-ClEAG _cAR-ClEAG |
||
| 008 | 090826s1998####sp#####g######001#p#spa#d | ||
| 005 | 20241107184651.0 | ||
| 003 | AR-ClEAG | ||
| 942 | _cBK | ||
| 999 |
_c895 _d895 |
||
| 980 |
_62 _aEvangelina Gallicchio _82 _gEvangelina Gallicchio |
||